Star Academy - Candidats de la saison 13 (2025-26) par image - Statistiques

Statistiques générales
  • Ce quiz a été pris 1 124 fois
  • Le résultat moyen est 16 sur 17
Statistiques - réponses
Par images Réponse % Correct
Ambre
99%
Anouk
99%
Sarah
99%
Théo P
99%
Victor
99%
Melissa
98%
Théo L
98%
Ema
97%
Léo
97%
Jeanne
96%
Léa
96%
Léane
96%
Lenny
96%
Lily
96%
Noah
94%
Bastiaan
93%
Mehdi
92%
Aucun quiz correspondant
Distribution des résultats
% des personnes avec chaque résultat
Percentile par nombre de réponses
Votre historique - résultats
Vous n’avez pas pris ce quiz